ბათუმის შოთა რუსთაველის სახელმწიფო უნივერსიტეტის ბიბლიოთეკა

პოლიცია და ადამიანის უფლებები : (ბიბ.ჩანაწერი № 59420)

000 -ლიდერი
ფიქსირებული სიგრძის საკონტროლო ველი 01410nam a22002177a 4500
003 - საკონტროლო ნომრის იდენტიფიკატორი
საკონტროლო ველი Ge_BSU
005 - ბოლო ოპერაციის თარიღი და დრო
საკონტროლო ველი 20230214170312.0
008 - ფიქსირებული სიგრძის მონაცემთა ელემენტები - ზოგადი ინფორმაცია
ფიქსირებული სიგრძის საკონტროლო ველი 230214s2006 ge ||||| |||| 00| 0 geo d
020 ## - წიგნის საერთაშორისო სტანდარტული ნომერი
International Standard Book Number 9994058924
041 ## - ენის კოდი
Language code of text/sound track or separate title geo
080 ## - უნივერსალური ათობითი კლასიფიკაციის ინდექსი
Universal Decimal Classification number 351.74 341.231.14](075) პ-56
245 ## - ცნობა სათაურის შესახებ
Title პოლიცია და ადამიანის უფლებები :
Remainder of title სახელმძღვ. მასწავლებლის ადამიანური რესურსების სპეციალისტებისა და ადამიანის უფლებათა პროგრამების მონაწილეთათვის /
Statement of responsibility, etc [თარგმანი: ნანა ჯაფარიძე-ჭყოიძე] ; შემდგ.: რალფ კროუშოუ ; [რედ.: გიორგი ჯოხაძე].
264 ## - წარმოების, გამოცემის, დისტრიბუციის და სხვა ცნობები
გამოცემის, წარმოების, დისტრიბუციის... ადგილი თბილისი :
გამოცემის, წარმოების, დისტრიბუციის... სახელწოდება (შპს "სეზანი")
გამოცემის, წარმოების, დისტრიბუციის... თარიღი [2006].
300 ## - ფიზიკური აღწერა
Extent 271გვ. ;
Other physical details 28სმ.
504 ## - BIBLIOGRAPHY, ETC. NOTE
Bibliography, etc ბიბლიოგრ. ტექსტ. შენიშვნ.
653 ## - INDEX TERM--UNCONTROLLED
Uncontrolled term პოლიცია
653 ## - INDEX TERM--UNCONTROLLED
Uncontrolled term ადამიანის ძირითადი უფლებები
700 ## - ADDED ENTRY--PERSONAL NAME
Personal name კროუშოუ, რალფ
Relator term შემდგენელი
9 (RLIN) 16909
700 ## - ADDED ENTRY--PERSONAL NAME
Personal name ჯოხაძე, გიორგი
Relator term რედაქტორი
9 (RLIN) 16910
942 ## - ADDED ENTRY ELEMENTS (KOHA)
Source of classification or shelving scheme
Koha item type წიგნი
ეგზემპლარები
ჩამოწერის სტატუსი დაკარგული ეგზემპლარის სტატუსი კლასიფიკაციის წყარო ან თაროზე გაწყობის სქემა დაზიანების სტატუსი არ გაიცემა მუდმივი მდებარეობა (დაცვის ადგილი) ამჟამინდელი ადგილსამყოფელი თაროზე განთავსების ადგილი შეძენის თარიღი ღირებულება, შესყიდვის ნორმალური ფასი სრული შენახვის შიფრი შტრიხკოდი ბოლო ოპერაციის თარიღი ეგზემპლარის მიმდევრობითი ნომერი (კეტერი?) ფასის ძალაში შესვლის თარიღი ეგზემპლარის სახეობა საჯარო შენიშვნა
          ბათუმის შოთა რუსთაველის სახელმწიფო უნივერსიტეტის მთავარი ბიბლიოთეკა ბათუმის შოთა რუსთაველის სახელმწიფო უნივერსიტეტის მთავარი ბიბლიოთეკა წიგნსაცავი 2023-02-14 8.00 351.74 341.231.14](075) პ-56 63789 2023-02-14 63789 2023-02-14 წიგნი 8 ლ.
          ბათუმის შოთა რუსთაველის სახელმწიფო უნივერსიტეტის მთავარი ბიბლიოთეკა ბათუმის შოთა რუსთაველის სახელმწიფო უნივერსიტეტის მთავარი ბიბლიოთეკა წიგნსაცავი 2023-02-14 8.00 351.74 341.231.14](075) პ-56 63790 2023-02-14 63790 2023-02-14 წიგნი 8 ლ.